000
00252nam a2200121Ia 4500
008
190216s9999||||xx |||||||||||||| ||und||
100
_a
Null
245
0
_a
Hindi-Rahul Sankriniyayan
260
_b
Null
300
_a
64
650
_a
Hindi
942
_c
BK
999
_c
15598
_d
15598